Statusmeldung Funk DE - Statistiken

Allgemein
  • Dieses Quiz wurde 11 mal gespielt
  • Das Durchschnittsergebnis liegt bei 4 aus 10
Antwortstatistiken
Status Nr. Bedeutung % Korrekt
2 Einsatzbereit auf Wache
90%
1 Einsatzbereit über Funk
80%
5 Sprechwunsch
70%
6 Nicht einsatzbereit
50%
0 Priorisierter Sprechwunsch
40%
4 Ankunft Einsatzstelle
20%
3 Auf Anfahrt zur Einsatzstelle
10%
7 Patient aufgenommen
10%
8 Am Transportziel
0%
# GPS-Position übermitteln
0%
Keine übereinstimmenden Quizze gefunden
Verteilung der Resultate
Anzahl Personen mit jedem Resultat
Perzentil nach korrekt beantworteten Fragen
Ihre Resultats-Entwicklung
Sie haben dieses Quiz noch nicht gespielt